000 00416nam a2200157Ia 4500
008 220216s9999 xx 000 0 und d
100 _aAnsarifar A
245 0 _aMethod for preparing rubber formulations using silanized silica nanofiller
260 _bRubber World
_c2007
300 _a24-29
650 _aRubber formulations
700 _aEllis R J
700 _aKirtley S P
700 _aWang L
942 _cJS
999 _c62853
_d62853